Experiencia y educación
Tallennettuna:
| Päätekijä: | |
|---|---|
| Aineistotyyppi: | Kirja |
| Kieli: | espanja |
| Julkaistu: |
Buenos Aires
Losada
1967
|
| Sarja: | Biblioteca del maestro
|
| Aiheet: | |
| Tagit: |
Lisää tagi
Ei tageja, Lisää ensimmäinen tagi!
|
MARC
| LEADER | 00000nam a2200000 a 4500 | ||
|---|---|---|---|
| 001 | UCW6166 | ||
| 003 | CL-VaPUC | ||
| 008 | 911025e19670000AG |||||||||||||||||spa|d | ||
| 082 | 0 | 4 | |a 370.1 |b DEW |2 21 |
| 100 | 0 | |a Dewey, John |e author |9 311166 | |
| 245 | 1 | 0 | |a Experiencia y educación |
| 300 | |a 119 p | ||
| 942 | |c BK | ||
| 945 | |d 19911025 00:00:00 | ||
| 260 | |a Buenos Aires |b Losada |c 1967 | ||
| 650 | 0 | |a Filosofía de la educación |9 258384 | |
| 583 | |a last modification |c 19911025 00:00:00 |k Rodrigo Vera | ||
| 490 | 0 | |a Biblioteca del maestro | |
| 999 | |c 219322 |d 219320 | ||
| 952 | |0 0 |1 0 |4 0 |6 370_100000000000000_DEW_1967 |7 0 |8 P |9 210107 |a BIBEDU |b BIBEDU |c BIBEDU_PB |d 2019-11-15 |i 2781956 |o 370.1 DEW 1967 |p 2781956 |r 2024-01-25 |w 2019-11-15 |y BK |k EDU | ||
| 952 | |0 0 |1 0 |4 0 |6 370_100000000000000_DEW_1967 |7 0 |8 P |9 210108 |a BIBEDU |b BIBEDU |c BIBEDU_PB |d 2019-11-15 |i 2781964 |o 370.1 DEW 1967 |p 2781964 |r 2024-01-25 |w 2019-11-15 |y BK |k EDU | ||
| 952 | |0 0 |1 0 |4 0 |6 370_100000000000000_DEW_1967 |7 0 |8 P |9 210109 |a BIBEDU |b BIBEDU |c BIBEDU_PB |d 2019-11-15 |i 2781972 |o 370.1 DEW 1967 |p 2781972 |r 2024-01-25 |w 2019-11-15 |y BK |k EDU | ||
| 952 | |0 0 |1 0 |4 0 |6 370_100000000000000_DEW_1967 |7 0 |8 P |9 210110 |a BIBEDU |b BIBEDU |c BIBEDU_PB |d 2019-11-15 |i 2781980 |o 370.1 DEW 1967 |p 2781980 |r 2024-01-25 |w 2019-11-15 |y BK |k EDU | ||
| 952 | |0 0 |1 0 |4 0 |6 370_100000000000000_DEW_1967 |7 0 |8 P |9 210111 |a BIBEDU |b BIBEDU |c BIBEDU_PB |d 2019-11-15 |i 2781999 |o 370.1 DEW 1967 |p 2781999 |r 2024-01-25 |w 2019-11-15 |y BK |k EDU | ||
| 952 | |0 0 |1 0 |4 0 |6 370_100000000000000_DEW_1967 |7 0 |8 P |9 210112 |a BIBEDU |b BIBEDU |c BIBEDU_PB |d 2019-11-15 |i 2782006 |o 370.1 DEW 1967 |p 2782006 |r 2024-01-25 |w 2019-11-15 |y BK |k EDU | ||
| 952 | |0 0 |1 0 |4 0 |6 370_100000000000000_DEW_1967 |7 0 |8 P |9 210113 |a BIBEDU |b BIBEDU |c BIBEDU_PB |d 2019-11-15 |i 2782014 |o 370.1 DEW 1967 |p 2782014 |r 2024-01-25 |w 2019-11-15 |y BK |k EDU | ||
| 952 | |0 0 |1 0 |4 0 |6 370_100000000000000_DEW_1967 |7 0 |8 P |9 210114 |a BIBEDU |b BIBEDU |c BIBEDU_PB |d 2019-11-15 |i 2782022 |o 370.1 DEW 1967 |p 2782022 |r 2024-01-25 |w 2019-11-15 |y BK |k EDU | ||
| 952 | |0 0 |1 0 |4 0 |6 370_100000000000000_DEW_1967 |7 0 |8 P |9 210115 |a BIBEDU |b BIBEDU |c BIBEDU_PB |d 2019-11-15 |i 2782030 |o 370.1 DEW 1967 |p 2782030 |r 2024-01-25 |w 2019-11-15 |y BK |k EDU | ||